000 00771nam a2200253Ia 4500
008 200601s9999 xx 000 0 und d
020 _a978-178125-954-2
050 _aMAIN BF 448
050 _b.K76 2017
100 _aKrogerus, Mikael.
245 4 _aThe Decision book :
245 0 _bfifty models for strategic thinking /
245 0 _cMikael Krogerus, Roman Tschappeler; translated by Jenny Piening with illustrations by Philip Earnhart.
250 _aNew, Fully Revised Edition
260 _aGreat Britain :
260 _bProfile books,
260 _c2017
300 _a174 pages :
300 _billustrations ;
300 _c19 cm.
500 _aIncludes bibliographical references.
650 _aDecision making.
650 _xCritical thinking.
999 _c363192
_d363192